Salón Nacional de Artes Visuales 2021 - 2022 / (Record no. 4627)

MARC details
000 -LEADER
campo de control de longitud fija 00615nam a2200169 4500
005 - FECHA Y HORA DE LA ÚLTIMA TRANSACCIÓN
campo de control 20260327214110.0
008 - DATOS DE LONGITUD FIJA--INFORMACIÓN GENERAL
campo de control de longitud fija -
020 ## - NÚMERO INTERNACIONAL ESTÁNDAR DEL LIBRO
Número Internacional Estándar del Libro 9789968589253
040 ## - FUENTE DE CATALOGACIÓN
Centro/agencia transcriptor Biblioteca LadoV Teorética
Centro/agencia modificador Biblioteca LadoV Teorética
Normas de descripción rda
082 04 - NÚMERO DE LA CLASIFICACIÓN DECIMAL DEWEY
Número de clasificación 700.074
Número de ítem M986s
100 1# - ENTRADA PRINCIPAL--NOMBRE DE PERSONA
Nombre de persona Museo de Arte y Diseño Contemporáneo
245 10 - MENCIÓN DEL TÍTULO
Título Salón Nacional de Artes Visuales 2021 - 2022 /
Mención de responsabilidad, etc. por Museo de Arte y Diseño Contemporáneo
260 ## - PUBLICACIÓN, DISTRIBUCIÓN, ETC.
Lugar de publicación, distribución, etc. Costa Rica :
Nombre del editor, distribuidor, etc. Museo de Arte y Diseño Contemporáneo,
Fecha de publicación, distribución, etc. 2024
300 ## - DESCRIPCIÓN FÍSICA
Extensión 140 páginas :
Otras características físicas fotografías a color ;
Dimensiones 21,59 x 27,94 cm.
650 #4 - PUNTO DE ACCESO ADICIONAL DE MATERIA--TÉRMINO DE MATERIA
Término de materia o nombre geográfico como elemento de entrada EXPOSICIÓN DE ARTE.
942 ## - ELEMENTOS DE ENTRADA SECUNDARIOS (KOHA)
Fuente del sistema de clasificación o colocación Clasificación Decimal Dewey
Tipo de ítem Koha Libros
Suprimir en OPAC No
Holdings
Estatus retirado Estado de pérdida Fuente del sistema de clasificación o colocación Estado de daño No para préstamo Biblioteca de origen Biblioteca actual Fecha de adquisición Total de préstamos Signatura topográfica completa Visto por última vez Precio de reemplazo Tipo de ítem Koha
    Clasificación Decimal Dewey     Biblioteca LadoV Biblioteca LadoV 27/03/2026   700.074 M986s 27/03/2026 27/03/2026 Libros